LEADER 01018nam0 22002891i 450 001 RML0297273 005 20231121125740.0 100 $a20121121d1998 ||||0itac50 ba 101 | $aita 102 $ait 181 1$6z01$ai $bxxxe 182 1$6z01$an 200 1 $a˜L' œombra rossa$fEnzo Bettiza 210 $aMilano $cMondadori $d©1998 215 $a339 p.$d22 cm 606 $aPolitica$xItalia$x1970-1990$2FIR$3CFIC281654$9N 676 $a945.0927$9$v21 700 1$aBettiza$b, Enzo$3RMLV192022$0159785 801 3$aIT$bIT-01$c20121121 850 $aIT-RM0289 $aIT-FR0017 899 $aBiblioteca Statale A. Baldini$bRM0289 899 $aBiblioteca umanistica Giorgio Aprea$bFR0017 912 $aRML0297273 950 0$aBiblioteca umanistica Giorgio Aprea$d 52CIS 9/1102$e 52VM 0000670895 VM barcode:00043830. - Inventario:16334 FLSVM$fA $h20070302$i20121204 977 $a 04$a 52 996 $aOmbra rossa$9889587 997 $aUNICAS